000 01282nam a22001937a 4500
003 OSt
005 20241213110726.0
008 241002s2022 ag ||||| |||| 00| 0 spa d
020 _a9789878871912
040 _cbesoc
100 1 _aCampero, María Belén
_eAutor
245 1 0 _aMapeo de lectura :
_bde lo íntimo a lo colectivo /
_cMaría Belén Campero ; Pau Turina
260 _aRosario :
_b((MdaE)),
_c2022
300 _a176 p.
520 _aMapeo no intenta ser una guía de lectura. Creemos en la libertad de la lectura, en que cada persona elige su propio camino, es una aventura. Entonces no hay un mapa establecido, no hay un camino correcto por el cual caminar. La idea es que puedas hacer el tuyo. Creemos en la literatura que habilita la conversación, con otrxs y con unx. Que da lugar al diálogo y a la reflexión. Creemos en la literatura como un encuentro, con ideas, con momentos, con sensaciones, con estados de ánimo. Y creemos en la literatura como acto de compartir. Por eso, Mapeo, te propone crear una conversación de lo íntimo a lo colectivo que se multiplique sin límites hasta donde quiera llegar. [Nota del editor]
650 4 _aLiteratura Argentina
_xLectura
_ySiglo XXI
_vGuías
_xColección juvenil
700 1 _aTurina, Pau,
_eautor
942 _2udc
_cOG
_n0
999 _c352
_d352